Powiaty w województwie śląskim - Statystyki

Ogólne statystyki
  • Ten quiz został rozwiązany 63 razy
  • Średni wynik to 11 z 17
Statystyki odpowiedzi
Powiat % Poprawnych
częstochowski
82%
rybnicki
74%
żywiecki
70%
gliwicki
68%
raciborski
68%
cieszyński
67%
bielski
63%
myszkowski
63%
zawierciański
63%
pszczyński
61%
mikołowski
60%
tarnogórski
60%
będziński
58%
kłobucki
58%
lubliniecki
54%
wodzisławski
51%
bieruńsko-lędziński
49%
Nie znaleziono quizów pasujących do podanych kryteriów
Rozkład punktacji
Procent ludzi z każdym wynikiem
Percentyl według liczby udzielonych odpowiedzi
Twoja historia wyników
Nie rozwiązałeś tego quizu